|
|
|
|
| LEADER |
01126nam a2200277 a 4500 |
| 001 |
GR-Patra30782 |
| 008 |
991208s1989 gr e b ||| 0|gre d |
| 082 |
|
0 |
|a 623.51
|2 22
|
| 245 |
0 |
0 |
|a Βλητική /
|c Γεώργιος Καρακιόζογλου.
|
| 250 |
|
|
|a 2η έκδ.
|
| 260 |
|
|
|a Αθήνα :
|b [χ.ο.],
|c 1989
|
| 300 |
|
|
|a 685σ. :
|b εικ.
|
| 504 |
|
|
|a Βιβλιογραφία: σ.630-632
|
| 650 |
|
4 |
|a Βλήματα, Κατευθυνόμενα
|
| 650 |
|
4 |
|a Βλητική
|
| 650 |
|
4 |
|a Εσωτερική βλητική
|
| 650 |
|
4 |
|a ΜΗΧΑΝΙΚΗ
|
| 650 |
|
4 |
|a Συστήματα κατευθύνσεως
|
| 650 |
|
4 |
|a Συστήματα προώθησης
|
| 650 |
|
4 |
|a Συστήματα σκοπεύσεως
|
| 650 |
|
4 |
|a Τροχιά βλήματος
|
| 700 |
1 |
|
|a Καρακιόζογλου, Γεώργιος
|
| 942 |
|
|
|2 ddc
|
| 952 |
|
|
|0 0
|1 0
|2 ddc
|4 0
|6 623_510000000000000_ΚΑΡ
|7 0
|9 312885
|a LISK
|b LISK
|c BSC
|d 2021-01-17
|e 24
|f 0
|g 0.00
|l 0
|o 623.51 ΚΑΡ
|p 92410050322
|r 2021-01-17 00:00:00
|t 1
|w 2021-01-17
|y BK15
|x 20120210 0 1
|x GrPaTEI
|
| 971 |
|
|
|a .b2678354x
|b 15-04-20
|c 26-09-16
|
| 999 |
|
|
|c 179223
|d 179223
|